[Event "Greek Team Cup Final 8"]
[Site "chess24.com"]
[Date "2017.07.01"]
[Round "1"]
[White "Mastrovasilis, Dimitrios"]
[Black "Halkias, Stelios"]
[Result "1/2-1/2"]
[Board "1"]
[WhiteElo "2580"]
[WhiteTitle "GM"]
[WhiteCountry "GRE"]
[WhiteFideId "4202694"]
[BlackElo "2580"]
[BlackTitle "GM"]
[BlackCountry "GRE"]
[BlackFideId "4201809"]

1. e4 {[%clk 1:30:53]} e5 {[%clk 1:30:43]} 2. Nf3 {[%clk 1:31:13]} Nc6 {[%clk
1:30:52]} 3. Bb5 {[%clk 1:31:24]} Nf6 {[%clk 1:30:18]} 4. O-O {[%clk 1:29:22]}
Nxe4 {[%clk 1:29:53]} 5. Re1 {[%clk 1:29:31]} Nd6 {[%clk 1:30:07]} 6. Nxe5 {[%clk
1:29:44]} Be7 {[%clk 1:30:11]} 7. Bf1 {[%clk 1:29:51]} Nxe5 {[%clk 1:29:54]} 8.
Rxe5 {[%clk 1:30:14]} O-O {[%clk 1:30:01]} 9. d4 {[%clk 1:30:21]} Bf6 {[%clk
1:28:59]} 10. Re1 {[%clk 1:29:33]} Re8 {[%clk 1:29:06]} 11. c3 {[%clk 1:28:31]}
Rxe1 {[%clk 1:25:33]} 12. Qxe1 {[%clk 1:28:55]} Ne8 {[%clk 1:25:13]} 13. Bf4
{[%clk 1:28:36]} d5 {[%clk 1:24:55]} 14. Bd3 {[%clk 1:28:40]} g6 {[%clk 1:23:53]}
15. Nd2 {[%clk 1:28:30]} Ng7 {[%clk 1:23:50]} 16. Qe2 {[%clk 1:27:08]} c6 {[%clk
1:21:56]} 17. Re1 {[%clk 1:26:48]} Bf5 {[%clk 1:21:31]} 18. Bxf5 {[%clk 1:26:44]}
Nxf5 {[%clk 1:21:46]} 19. Nf3 {[%clk 1:27:03]} Ng7 {[%clk 1:19:27]} 20. Be5
{[%clk 1:23:50]} Ne6 {[%clk 1:15:37]} 21. Bxf6 {[%clk 1:19:01]} Qxf6 {[%clk
1:14:38]} 22. Ne5 {[%clk 1:19:08]} Re8 {[%clk 1:14:31]} 23. Ng4 {[%clk 1:18:08]}
Qd8 {[%clk 1:14:23]} 24. Qe5 {[%clk 1:17:45]} Ng7 {[%clk 1:14:10]} 25. Qxe8+
{[%clk 1:17:52]} Nxe8 {[%clk 1:14:32]} 26. Rxe8+ {[%clk 1:18:15]} Qxe8 {[%clk
1:14:55]} 27. Nf6+ {[%clk 1:18:39]} Kf8 {[%clk 1:15:21]} 28. Nxe8 {[%clk
1:19:00]} Kxe8 {[%clk 1:15:49]} 29. f4 {[%clk 1:19:13]} f5 {[%clk 1:16:06]} 30.
Kf2 {[%clk 1:19:36]} Kf7 {[%clk 1:16:30]} 31. b4 {[%clk 1:19:49]} b5 {[%clk
1:16:46]} 1/2-1/2

[Event "Greek Team Cup Final 8"]
[Site "chess24.com"]
[Date "2017.07.01"]
[Round "1"]
[White "Michelakos, Panagiotis"]
[Black "Malikentzos, Sotirios"]
[Result "1/2-1/2"]
[Board "2"]
[WhiteElo "2291"]
[WhiteCountry "GRE"]
[WhiteFideId "4216067"]
[WhiteEloChange "4"]
[BlackElo "2439"]
[BlackTitle "FM"]
[BlackCountry "GRE"]
[BlackFideId "4215079"]
[BlackEloChange "-2"]

1. c4 {[%clk 1:30:56]} e6 {[%clk 1:30:52]} 2. Nf3 {[%clk 1:30:47]} d5 {[%clk
1:31:16]} 3. g3 {[%clk 1:31:07]} Nf6 {[%clk 1:31:37]} 4. Bg2 {[%clk 1:31:31]}
dxc4 {[%clk 1:32:00]} 5. O-O {[%clk 1:26:34]} a6 {[%clk 1:32:08]} 6. Qc2 {[%clk
1:03:49]} Nbd7 {[%clk 1:27:23]} 7. a4 {[%clk 1:00:27]} Rb8 {[%clk 1:25:54]} 8.
Qxc4 {[%clk 0:58:28]} b5 {[%clk 1:23:54]} 9. axb5 {[%clk 0:58:35]} axb5 {[%clk
1:24:19]} 10. Qc2 {[%clk 0:58:33]} c5 {[%clk 1:17:47]} 11. b3 {[%clk 0:57:11]}
Bb7 {[%clk 1:16:02]} 12. Bb2 {[%clk 0:50:35]} Be7 {[%clk 1:15:42]} 13. Nc3 {[%clk
0:46:48]} O-O {[%clk 1:14:40]} 14. Ng5 {[%clk 0:35:20]} Bxg2 {[%clk 1:09:37]} 15.
Kxg2 {[%clk 0:35:42]} h6 {[%clk 1:06:30]} 16. Nh3 {[%clk 0:27:59]} Qb6 {[%clk
1:04:26]} 17. Nf4 {[%clk 0:26:03]} Qb7+ {[%clk 1:01:27]} 18. Kg1 {[%clk 0:26:19]}
Rfc8 {[%clk 0:51:12]} 19. Ra5 {[%clk 0:16:33]} Qc6 {[%clk 0:43:19]} 20. Rfa1
{[%clk 0:14:29]} Bd8 {[%clk 0:41:15]} 21. Ra6 {[%clk 0:13:15]} Rb6 {[%clk
0:40:05]} 22. Ra7 {[%clk 0:11:34]} Bc7 {[%clk 0:31:44]} 23. Nd1 {[%clk 0:06:39]}
Bb8 {[%clk 0:28:01]} 24. Ra8 {[%clk 0:05:47]} Bxf4 {[%clk 0:26:40]} 25. Rxc8+
{[%clk 0:06:08]} Qxc8 {[%clk 0:27:06]} 26. gxf4 {[%clk 0:06:32]} Nd5 {[%clk
0:19:55]} 27. Qe4 {[%clk 0:04:51]} f5 {[%clk 0:17:47]} 28. Qf3 {[%clk 0:04:47]}
Ra6 {[%clk 0:13:18]} 29. Rxa6 {[%clk 0:01:47]} Qxa6 {[%clk 0:13:44]} 30. Nc3
{[%clk 0:01:39]} N5f6 {[%clk 0:11:37]} 31. Qd3 {[%clk 0:01:37]} c4 {[%clk
0:11:10]} 32. bxc4 {[%clk 0:01:58]} bxc4 {[%clk 0:11:36]} 33. Qd4 {[%clk
0:02:06]} Qc6 {[%clk 0:08:14]} 34. Nd1 {[%clk 0:00:54]} Qd5 {[%clk 0:01:46]} 35.
Ne3 {[%clk 0:00:38]} Qxd4 {[%clk 0:01:57]} 36. Bxd4 {[%clk 0:01:03]} Nh5 {[%clk
0:02:08]} 37. Nxc4 {[%clk 0:00:33]} Nxf4 {[%clk 0:02:31]} 38. Kf1 {[%clk
0:00:43]} g5 {[%clk 0:01:30]} 39. e3 {[%clk 0:00:40]} Ng6 {[%clk 0:01:17]} 40.
Ke2 {[%clk 0:30:37]} g4 {[%clk 0:31:07]} 41. f3 {[%clk 0:27:49]} h5 {[%clk
0:29:36]} 42. fxg4 {[%clk 0:19:40]} hxg4 {[%clk 0:29:49]} 43. Kf2 {[%clk
0:15:28]} e5 {[%clk 0:29:17]} 44. Bc3 {[%clk 0:15:04]} Kf7 {[%clk 0:29:38]} 45.
Kg3 {[%clk 0:12:14]} Ke6 {[%clk 0:29:07]} 46. e4 {[%clk 0:12:16]} Nf6 {[%clk
0:20:23]} 47. exf5+ {[%clk 0:11:51]} Kxf5 {[%clk 0:20:49]} 48. Nd6+ {[%clk
0:10:11]} 1/2-1/2

[Event "Greek Team Cup Final 8"]
[Site "chess24.com"]
[Date "2017.07.01"]
[Round "1"]
[White "Georgiadis, Nico"]
[Black "Kapnisis, Spyridon"]
[Result "1-0"]
[Board "3"]
[WhiteElo "2495"]
[WhiteTitle "IM"]
[WhiteCountry "SUI"]
[WhiteFideId "1300113"]
[WhiteEloChange "5"]
[BlackElo "2466"]
[BlackTitle "GM"]
[BlackCountry "GRE"]
[BlackFideId "4203445"]
[BlackEloChange "-5"]

1. e4 {[%clk 1:30:57]} c5 {[%clk 1:30:06]} 2. Nf3 {[%clk 1:31:20]} e6 {[%clk
1:30:31]} 3. d4 {[%clk 1:31:38]} cxd4 {[%clk 1:30:58]} 4. Nxd4 {[%clk 1:31:59]}
a6 {[%clk 1:29:44]} 5. Bd3 {[%clk 1:26:54]} Ne7 {[%clk 1:29:05]} 6. O-O {[%clk
1:14:09]} Nbc6 {[%clk 1:28:10]} 7. Be3 {[%clk 1:12:19]} Nxd4 {[%clk 1:25:54]} 8.
Bxd4 {[%clk 1:12:43]} Nc6 {[%clk 1:26:21]} 9. Be3 {[%clk 1:11:36]} Be7 {[%clk
1:23:31]} 10. f4 {[%clk 1:09:02]} O-O {[%clk 1:18:03]} 11. c4 {[%clk 0:55:23]} b6
{[%clk 1:12:22]} 12. Nc3 {[%clk 0:54:16]} Bc5 {[%clk 1:11:02]} 13. Bxc5 {[%clk
0:45:48]} bxc5 {[%clk 1:11:28]} 14. e5 {[%clk 0:46:10]} f5 {[%clk 0:59:54]} 15.
exf6 {[%clk 0:44:58]} Qxf6 {[%clk 0:59:26]} 16. Be4 {[%clk 0:43:41]} Ra7 {[%clk
0:56:20]} 17. Bxc6 {[%clk 0:37:49]} dxc6 {[%clk 0:53:05]} 18. Qd6 {[%clk
0:36:39]} Rd7 {[%clk 0:41:49]} 19. Qxc5 {[%clk 0:32:05]} Rd2 {[%clk 0:40:12]} 20.
Ne4 {[%clk 0:18:39]} Qd4+ {[%clk 0:40:17]} 21. Qxd4 {[%clk 0:19:05]} Rxd4 {[%clk
0:40:42]} 22. Rae1 {[%clk 0:16:37]} Rxc4 {[%clk 0:38:45]} 23. Nd6 {[%clk
0:14:43]} Rc2 {[%clk 0:38:28]} 24. Rf2 {[%clk 0:08:54]} Rxf2 {[%clk 0:37:44]} 25.
Kxf2 {[%clk 0:09:22]} Rxf4+ {[%clk 0:36:55]} 26. Ke3 {[%clk 0:08:52]} Rf8 {[%clk
0:36:40]} 27. Kd4 {[%clk 0:08:41]} Bd7 {[%clk 0:24:13]} 28. Re2 {[%clk 0:09:04]}
e5+ {[%clk 0:18:20]} 29. Kxe5 {[%clk 0:05:51]} Rf6 {[%clk 0:06:08]} 30. Ne4
{[%clk 0:06:15]} Rh6 {[%clk 0:06:25]} 31. h3 {[%clk 0:04:38]} Be6 {[%clk
0:06:23]} 32. b4 {[%clk 0:02:45]} Bc4 {[%clk 0:03:26]} 33. Rf2 {[%clk 0:02:24]}
Rg6 {[%clk 0:02:05]} 34. Nc5 {[%clk 0:00:52]} h5 {[%clk 0:02:15]} 35. a4 {[%clk
0:01:00]} Rg3 {[%clk 0:00:49]} 36. Kd4 {[%clk 0:00:55]} Bd5 {[%clk 0:01:07]} 37.
b5 {[%clk 0:01:08]} cxb5 {[%clk 0:00:40]} 38. Kxd5 {[%clk 0:01:26]} bxa4 {[%clk
0:01:06]} 39. Nxa4 {[%clk 0:01:13]} g5 {[%clk 0:00:45]} 40. Nc5 {[%clk 0:31:26]}
Ra3 {[%clk 0:30:34]} 41. Ne4 {[%clk 0:25:34]} Kg7 {[%clk 0:30:38]} 42. Ke6 {[%clk
0:21:33]} g4 {[%clk 0:29:34]} 43. hxg4 {[%clk 0:21:16]} hxg4 {[%clk 0:29:57]} 44.
Rf4 {[%clk 0:21:25]} 1-0

[Event "Greek Team Cup Final 8"]
[Site "chess24.com"]
[Date "2017.07.01"]
[Round "1"]
[White "Avramidou, Anastasia"]
[Black "Mastrovasilis, Athanasios"]
[Result "1/2-1/2"]
[Board "4"]
[WhiteElo "2247"]
[WhiteTitle "FM"]
[WhiteCountry "GRE"]
[WhiteFideId "4239873"]
[WhiteEloChange "6"]
[BlackElo "2512"]
[BlackTitle "GM"]
[BlackCountry "GRE"]
[BlackFideId "4201990"]
[BlackEloChange "-3"]

1. d4 {[%clk 1:30:57]} Nf6 {[%clk 1:29:22]} 2. c4 {[%clk 1:31:17]} e6 {[%clk
1:29:20]} 3. Nf3 {[%clk 1:31:17]} Bb4+ {[%clk 1:26:20]} 4. Bd2 {[%clk 1:31:30]}
a5 {[%clk 1:25:50]} 5. g3 {[%clk 1:25:14]} d6 {[%clk 1:24:31]} 6. Bg2 {[%clk
1:22:52]} Nbd7 {[%clk 1:23:57]} 7. O-O {[%clk 1:12:57]} e5 {[%clk 1:21:08]} 8. e3
{[%clk 1:07:48]} c6 {[%clk 1:11:04]} 9. Bc1 {[%clk 0:47:37]} e4 {[%clk 1:09:02]}
10. a3 {[%clk 0:41:58]} exf3 {[%clk 1:04:44]} 11. Bxf3 {[%clk 0:41:48]} Bc5
{[%clk 1:02:11]} 12. dxc5 {[%clk 0:42:11]} Nxc5 {[%clk 0:58:33]} 13. Qc2 {[%clk
0:26:39]} a4 {[%clk 0:48:27]} 14. Nd2 {[%clk 0:23:39]} O-O {[%clk 0:47:04]} 15.
b4 {[%clk 0:14:34]} axb3 {[%clk 0:46:34]} 16. Nxb3 {[%clk 0:14:57]} Bf5 {[%clk
0:34:26]} 17. Qxf5 {[%clk 0:11:00]} Nxb3 {[%clk 0:34:22]} 18. Rb1 {[%clk
0:11:25]} Ra5 {[%clk 0:19:35]} 19. Qd3 {[%clk 0:09:06]} Nxc1 {[%clk 0:12:55]} 20.
Rfxc1 {[%clk 0:09:32]} Qe7 {[%clk 0:12:32]} 21. Rb3 {[%clk 0:05:32]} Rfa8 {[%clk
0:09:09]} 22. Rcb1 {[%clk 0:04:51]} R5a7 {[%clk 0:06:15]} 23. Qd4 {[%clk
0:03:57]} h6 {[%clk 0:04:41]} 24. Qb2 {[%clk 0:03:33]} Nd7 {[%clk 0:01:28]} 25.
Rxb7 {[%clk 0:01:02]} Rxb7 {[%clk 0:01:51]} 26. Qxb7 {[%clk 0:01:28]} Rb8 {[%clk
0:02:14]} 27. Qxb8+ {[%clk 0:01:55]} Nxb8 {[%clk 0:02:40]} 28. Rxb8+ {[%clk
0:02:21]} Kh7 {[%clk 0:03:06]} 29. Bxc6 {[%clk 0:01:26]} Qc7 {[%clk 0:00:56]} 30.
Be4+ {[%clk 0:01:44]} f5 {[%clk 0:00:50]} 31. Rb7 {[%clk 0:02:09]} Qc5 {[%clk
0:00:47]} 32. Bd3 {[%clk 0:00:41]} h5 {[%clk 0:00:35]} 1/2-1/2

[Event "Greek Team Cup Final 8"]
[Site "chess24.com"]
[Date "2017.07.01"]
[Round "1"]
[White "Papaioannou, Ioannis"]
[Black "Giannoutsos, Panagiotis"]
[Result "1-0"]
[Board "1"]
[WhiteElo "2636"]
[WhiteTitle "GM"]
[WhiteCountry "GRE"]
[WhiteFideId "4201345"]
[WhiteEloChange "1"]
[BlackElo "1717"]
[BlackCountry "GRE"]
[BlackFideId "4213718"]
[BlackEloChange "-2"]

1. d4 {[%clk 1:20:46]} Nf6 {[%clk 1:30:52]} 2. Nf3 {[%clk 1:21:03]} d5 {[%clk
1:30:41]} 3. c4 {[%clk 1:20:50]} e6 {[%clk 1:30:51]} 4. g3 {[%clk 1:21:11]} Bb4+
{[%clk 1:30:50]} 5. Bd2 {[%clk 1:21:16]} Be7 {[%clk 1:31:01]} 6. Bg2 {[%clk
1:21:41]} O-O {[%clk 1:30:12]} 7. O-O {[%clk 1:22:00]} c6 {[%clk 1:28:11]} 8. Qc2
{[%clk 1:21:32]} b6 {[%clk 1:26:51]} 9. Bf4 {[%clk 1:19:15]} Bb7 {[%clk 1:21:44]}
10. Nbd2 {[%clk 1:18:06]} Na6 {[%clk 1:17:37]} 11. a3 {[%clk 1:17:00]} Rc8 {[%clk
1:16:22]} 12. b4 {[%clk 1:16:51]} Qe8 {[%clk 1:09:22]} 13. c5 {[%clk 1:15:24]} b5
{[%clk 0:55:03]} 14. e4 {[%clk 1:14:33]} dxe4 {[%clk 0:49:33]} 15. Nxe4 {[%clk
1:14:50]} Qd8 {[%clk 0:47:26]} 16. Nd6 {[%clk 1:13:50]} Rc7 {[%clk 0:43:46]} 17.
Nxb7 {[%clk 1:12:22]} Rxb7 {[%clk 0:44:09]} 18. Ne5 {[%clk 1:12:47]} Nd5 {[%clk
0:41:24]} 19. Nxc6 {[%clk 1:13:00]} Qc8 {[%clk 0:39:24]} 20. Bxd5 {[%clk
1:13:08]} exd5 {[%clk 0:39:26]} 21. Nxe7+ {[%clk 1:13:29]} Rxe7 {[%clk 0:39:36]}
22. Bd6 {[%clk 1:13:52]} Rfe8 {[%clk 0:39:39]} 23. Bxe7 {[%clk 1:14:11]} Rxe7
{[%clk 0:40:06]} 24. Rfe1 {[%clk 1:14:29]} Qc7 {[%clk 0:38:33]} 25. Qf5 {[%clk
1:14:36]} Rxe1+ {[%clk 0:34:30]} 26. Rxe1 {[%clk 1:14:59]} Qd8 {[%clk 0:34:39]}
27. Qxd5 {[%clk 1:15:18]} 1-0

[Event "Greek Team Cup Final 8"]
[Site "chess24.com"]
[Date "2017.07.01"]
[Round "1"]
[White "Marinelos, Theodoros"]
[Black "Saric, Ivan"]
[Result "0-1"]
[Board "2"]
[WhiteElo "1727"]
[WhiteCountry "GRE"]
[WhiteFideId "4269268"]
[WhiteEloChange "-2"]
[BlackElo "2616"]
[BlackTitle "GM"]
[BlackCountry "CRO"]
[BlackFideId "14508150"]
[BlackEloChange "1"]

1. b3 {[%clk 1:28:22]} e5 {[%clk 1:30:44]} 2. Bb2 {[%clk 1:28:45]} Nc6 {[%clk
1:31:09]} 3. e3 {[%clk 1:28:25]} Nf6 {[%clk 1:31:02]} 4. c4 {[%clk 1:26:21]} b6
{[%clk 1:25:30]} 5. Nc3 {[%clk 1:22:31]} Bb7 {[%clk 1:25:31]} 6. Nge2 {[%clk
1:20:57]} g6 {[%clk 1:22:22]} 7. d4 {[%clk 1:19:33]} exd4 {[%clk 1:21:12]} 8.
Nxd4 {[%clk 1:15:38]} Bg7 {[%clk 1:21:28]} 9. Nd5 {[%clk 0:56:48]} O-O {[%clk
1:20:33]} 10. Nxc6 {[%clk 0:47:07]} Bxc6 {[%clk 1:20:49]} 11. Be2 {[%clk
0:45:28]} Nxd5 {[%clk 1:20:13]} 12. Bxg7 {[%clk 0:40:35]} Nxe3 {[%clk 1:20:36]}
13. fxe3 {[%clk 0:38:24]} Kxg7 {[%clk 1:16:47]} 14. O-O {[%clk 0:38:13]} Qg5
{[%clk 1:16:39]} 15. Qd4+ {[%clk 0:37:37]} Kg8 {[%clk 1:17:05]} 16. Bf3 {[%clk
0:32:04]} Rae8 {[%clk 1:14:34]} 17. Rae1 {[%clk 0:30:36]} Bxf3 {[%clk 1:11:55]}
18. Rxf3 {[%clk 0:30:53]} Re7 {[%clk 1:12:23]} 19. e4 {[%clk 0:22:46]} Qc5 {[%clk
1:09:56]} 20. Rd3 {[%clk 0:20:08]} Rfe8 {[%clk 1:09:34]} 21. Kf2 {[%clk 0:12:59]}
Qa5 {[%clk 1:07:42]} 22. Qb2 {[%clk 0:09:55]} Rxe4 {[%clk 1:07:44]} 23. Rxe4
{[%clk 0:06:54]} Rxe4 {[%clk 1:08:09]} 24. Qd2 {[%clk 0:05:50]} Qe5 {[%clk
1:06:19]} 25. g3 {[%clk 0:04:55]} d6 {[%clk 1:06:27]} 26. Rd5 {[%clk 0:04:24]}
Qf6+ {[%clk 1:06:21]} 27. Kg2 {[%clk 0:03:59]} h5 {[%clk 1:06:46]} 28. Rd3 {[%clk
0:03:58]} h4 {[%clk 1:06:22]} 29. Rf3 {[%clk 0:03:04]} h3+ {[%clk 1:06:22]} 30.
Kf2 {[%clk 0:03:27]} Qa1 {[%clk 1:06:30]} 31. g4 {[%clk 0:01:36]} Rxg4 {[%clk
1:06:36]} 32. Rxh3 {[%clk 0:01:50]} Qg1+ {[%clk 1:07:00]} 0-1

[Event "Greek Team Cup Final 8"]
[Site "chess24.com"]
[Date "2017.07.01"]
[Round "1"]
[White "Ioannidis, Evgenios"]
[Black "Anestis, Ioannis"]
[Result "1-0"]
[Board "3"]
[WhiteElo "2388"]
[WhiteTitle "FM"]
[WhiteCountry "GRE"]
[WhiteFideId "4229274"]
[WhiteEloChange "2"]
[BlackElo "1651"]
[BlackCountry "GRE"]
[BlackFideId "4256140"]
[BlackEloChange "-2"]

1. d4 {[%clk 1:30:52]} Nf6 {[%clk 1:30:51]} 2. c4 {[%clk 1:31:11]} e6 {[%clk
1:30:52]} 3. Nc3 {[%clk 1:31:27]} d5 {[%clk 1:30:17]} 4. cxd5 {[%clk 1:31:47]}
exd5 {[%clk 1:30:20]} 5. Bg5 {[%clk 1:32:02]} Be7 {[%clk 1:30:18]} 6. e3 {[%clk
1:32:22]} c6 {[%clk 1:29:41]} 7. Bd3 {[%clk 1:32:28]} Nbd7 {[%clk 1:24:57]} 8.
Qc2 {[%clk 1:31:10]} h6 {[%clk 1:20:16]} 9. Bh4 {[%clk 1:30:56]} Ng4 {[%clk
1:19:34]} 10. Bg3 {[%clk 1:27:32]} Nb6 {[%clk 1:14:39]} 11. Nf3 {[%clk 1:19:51]}
Nc4 {[%clk 1:13:45]} 12. h3 {[%clk 1:01:24]} Nf6 {[%clk 1:12:32]} 13. b3 {[%clk
0:52:38]} Nd6 {[%clk 1:06:42]} 14. Ne5 {[%clk 0:50:13]} Qa5 {[%clk 1:06:31]} 15.
O-O {[%clk 0:49:56]} Be6 {[%clk 1:00:01]} 16. a3 {[%clk 0:47:41]} Qd8 {[%clk
0:57:22]} 17. b4 {[%clk 0:42:54]} a6 {[%clk 0:56:59]} 18. Na4 {[%clk 0:35:29]}
Nfe4 {[%clk 0:45:20]} 19. Nc5 {[%clk 0:28:23]} Nxc5 {[%clk 0:42:28]} 20. bxc5
{[%clk 0:28:47]} Nb5 {[%clk 0:39:46]} 21. a4 {[%clk 0:21:47]} Nc7 {[%clk
0:39:58]} 22. Rab1 {[%clk 0:21:52]} Bc8 {[%clk 0:40:16]} 23. Bf5 {[%clk 0:18:45]}
O-O {[%clk 0:32:30]} 24. Bxc8 {[%clk 0:12:18]} Qxc8 {[%clk 0:32:45]} 25. Qb2
{[%clk 0:12:35]} Rb8 {[%clk 0:32:17]} 26. Qb6 {[%clk 0:12:55]} Re8 {[%clk
0:30:18]} 27. Nxc6 {[%clk 0:11:24]} Bxc5 {[%clk 0:29:28]} 28. Qxc7 {[%clk
0:10:14]} Qxc7 {[%clk 0:27:48]} 29. Bxc7 {[%clk 0:10:14]} Rbc8 {[%clk 0:28:00]}
30. Rxb7 {[%clk 0:11:04]} Bf8 {[%clk 0:27:54]} 31. Rfb1 {[%clk 0:09:58]} 1-0

[Event "Greek Team Cup Final 8"]
[Site "chess24.com"]
[Date "2017.07.01"]
[Round "1"]
[White "Vasileiou, Ioannis"]
[Black "Tsolakidou, Stavroula"]
[Result "0-1"]
[Board "4"]
[WhiteElo "1639"]
[WhiteCountry "GRE"]
[WhiteFideId "4256344"]
[WhiteEloChange "-2"]
[BlackElo "2359"]
[BlackTitle "WGM"]
[BlackCountry "GRE"]
[BlackFideId "4264312"]
[BlackEloChange "2"]

1. d4 {[%clk 1:30:57]} Nf6 {[%clk 1:30:53]} 2. c4 {[%clk 1:31:11]} e6 {[%clk
1:31:15]} 3. Nc3 {[%clk 1:30:38]} Bb4 {[%clk 1:31:35]} 4. Qc2 {[%clk 1:30:14]}
Nc6 {[%clk 1:31:30]} 5. Nf3 {[%clk 1:30:04]} d6 {[%clk 1:31:47]} 6. e3 {[%clk
1:28:36]} e5 {[%clk 1:31:31]} 7. d5 {[%clk 1:22:20]} Bxc3+ {[%clk 1:31:53]} 8.
Qxc3 {[%clk 1:21:12]} Ne7 {[%clk 1:32:07]} 9. Nd2 {[%clk 1:07:33]} O-O {[%clk
1:28:28]} 10. e4 {[%clk 1:04:44]} c6 {[%clk 1:06:24]} 11. b4 {[%clk 0:58:04]} b5
{[%clk 0:56:50]} 12. dxc6 {[%clk 0:55:47]} Nxc6 {[%clk 0:56:43]} 13. cxb5 {[%clk
0:55:13]} Nd4 {[%clk 0:56:48]} 14. Bd3 {[%clk 0:49:09]} d5 {[%clk 0:35:16]} 15.
Nb3 {[%clk 0:35:43]} dxe4 {[%clk 0:29:57]} 16. Bc4 {[%clk 0:33:24]} Bg4 {[%clk
0:26:09]} 17. Nxd4 {[%clk 0:29:04]} exd4 {[%clk 0:25:40]} 18. Qb3 {[%clk
0:29:00]} Qd6 {[%clk 0:20:57]} 19. O-O {[%clk 0:27:20]} Be6 {[%clk 0:19:52]} 20.
Bxe6 {[%clk 0:27:06]} fxe6 {[%clk 0:19:57]} 21. h3 {[%clk 0:25:29]} Kh8 {[%clk
0:19:54]} 22. Re1 {[%clk 0:24:20]} Rac8 {[%clk 0:15:07]} 23. Bb2 {[%clk 0:23:32]}
e5 {[%clk 0:15:00]} 24. a3 {[%clk 0:22:20]} Qd7 {[%clk 0:14:52]} 25. a4 {[%clk
0:21:01]} Qf5 {[%clk 0:14:46]} 26. Qg3 {[%clk 0:19:29]} Rc2 {[%clk 0:14:21]} 27.
Rab1 {[%clk 0:15:23]} Nh5 {[%clk 0:14:41]} 28. Qg4 {[%clk 0:13:51]} Qxf2+ {[%clk
0:13:36]} 29. Kh2 {[%clk 0:13:21]} Nf4 {[%clk 0:13:57]} 30. Rxe4 {[%clk 0:10:36]}
Nxg2 {[%clk 0:13:23]} 31. Qg3 {[%clk 0:07:16]} Ne3+ {[%clk 0:13:46]} 32. Qxf2
{[%clk 0:06:51]} Rfxf2+ {[%clk 0:14:10]} 0-1

[Event "Greek Team Cup Final 8"]
[Site "chess24.com"]
[Date "2017.07.01"]
[Round "1"]
[White "Kotronias, Vasilios"]
[Black "Terzis, Filippos-Stamatis"]
[Result "1-0"]
[Board "1"]
[WhiteElo "2500"]
[WhiteTitle "GM"]
[WhiteCountry "GRE"]
[WhiteFideId "5900212"]
[WhiteEloChange "1"]
[BlackElo "1877"]
[BlackCountry "GRE"]
[BlackFideId "4227670"]
[BlackEloChange "-2"]

1. e4 {[%clk 1:30:56]} c5 {[%clk 1:30:48]} 2. Nf3 {[%clk 1:30:56]} Nc6 {[%clk
1:30:48]} 3. d4 {[%clk 1:31:38]} cxd4 {[%clk 1:31:30]} 4. Nxd4 {[%clk 1:32:06]}
g6 {[%clk 1:31:21]} 5. c4 {[%clk 1:32:06]} Nf6 {[%clk 1:31:21]} 6. Nc3 {[%clk
1:32:06]} Nxd4 {[%clk 1:31:21]} 7. Qxd4 {[%clk 1:32:06]} d6 {[%clk 1:31:21]} 8.
Bg5 {[%clk 1:33:47]} Bg7 {[%clk 1:31:21]} 9. Be2 {[%clk 1:33:47]} O-O {[%clk
1:27:33]} 10. Qd2 {[%clk 1:33:56]} Be6 {[%clk 1:27:33]} 11. Rc1 {[%clk 1:33:56]}
a5 {[%clk 1:20:44]} 12. O-O {[%clk 1:33:56]} a4 {[%clk 1:20:44]} 13. Rc2 {[%clk
1:33:56]} Qa5 {[%clk 1:20:44]} 14. Qe3 {[%clk 1:33:56]} Rfc8 {[%clk 1:20:44]} 15.
Rfc1 {[%clk 1:33:56]} Rc5 {[%clk 1:20:44]} 16. Nd5 {[%clk 1:33:56]} Bxd5 {[%clk
1:20:44]} 17. exd5 {[%clk 1:33:56]} Re8 {[%clk 1:20:44]} 18. Qf3 {[%clk 1:33:56]}
Nd7 {[%clk 1:20:44]} 19. Bd2 {[%clk 1:33:56]} Qa8 {[%clk 1:20:44]} 20. Qh3 {[%clk
1:33:56]} f5 {[%clk 1:20:44]} 21. g4 {[%clk 1:33:56]} e6 {[%clk 1:20:44]} 22. Bb4
{[%clk 1:33:56]} Rcc8 {[%clk 1:20:44]} 23. Bxd6 {[%clk 1:33:56]} Nf6 {[%clk
1:20:44]} 24. gxf5 {[%clk 1:33:56]} exf5 {[%clk 1:20:44]} 25. c5 {[%clk 0:57:51]}
Ne4 {[%clk 1:20:44]} 26. Bb5 {[%clk 0:57:51]} Nxd6 {[%clk 0:07:41]} 27. cxd6
{[%clk 0:57:58]} Rxc2 {[%clk 0:07:58]} 28. Rxc2 {[%clk 0:58:22]} Rd8 {[%clk
0:07:14]} 29. d7 {[%clk 0:58:43]} Bf6 {[%clk 0:06:13]} 30. Qd3 {[%clk 0:58:43]}
Qa5 {[%clk 0:06:13]} 31. Re2 {[%clk 0:58:43]} Kg7 {[%clk 0:06:13]} 32. a3 {[%clk
0:58:43]} h5 {[%clk 0:06:13]} 33. Kg2 {[%clk 0:58:43]} h4 {[%clk 0:06:13]} 34. h3
{[%clk 0:58:43]} Qc7 {[%clk 0:06:13]} 35. d6 {[%clk 0:58:43]} Qc1 {[%clk
0:06:13]} 36. Qd2 {[%clk 0:58:43]} Qc5 {[%clk 0:06:13]} 37. Qd3 {[%clk 0:58:43]}
Be5 {[%clk 0:06:13]} 38. Bxa4 {[%clk 0:58:43]} Qxd6 {[%clk 0:06:13]} 39. Qxd6
{[%clk 0:58:43]} Bxd6 {[%clk 0:06:13]} 40. Re8 {[%clk 0:58:43]} Bc7 {[%clk
0:06:13]} 41. Bb5 {[%clk 0:58:43]} Kf6 {[%clk 0:06:13]} 42. f4 {[%clk 0:58:43]}
g5 {[%clk 0:06:13]} 43. fxg5+ {[%clk 0:58:43]} Kxg5 {[%clk 0:06:13]} 44. Kf3
{[%clk 0:58:43]} Kf6 {[%clk 0:06:13]} 45. b4 {[%clk 0:58:43]} Kf7 {[%clk
0:06:13]} 46. a4 {[%clk 0:58:43]} Kf6 {[%clk 0:06:13]} 47. a5 {[%clk 0:58:43]}
Kf7 {[%clk 0:06:13]} 48. Bc6 {[%clk 0:58:43]} Kf6 {[%clk 0:06:13]} 49. Ke2 {[%clk
0:58:43]} Kf7 {[%clk 0:06:13]} 50. Kd3 {[%clk 0:58:43]} Kf6 {[%clk 0:06:13]} 51.
Kc4 {[%clk 0:58:43]} f4 {[%clk 0:06:13]} 52. Rxd8 {[%clk 0:58:43]} Bxd8 {[%clk
0:06:13]} 53. Bxb7 {[%clk 0:58:43]} 1-0

[Event "Greek Team Cup Final 8"]
[Site "chess24.com"]
[Date "2017.07.01"]
[Round "1"]
[White "Kanellopoulos, Georgios"]
[Black "Kalesis, Nikolaos"]
[Result "0-1"]
[Board "2"]
[WhiteElo "2058"]
[WhiteCountry "GRE"]
[WhiteFideId "4206053"]
[WhiteEloChange "-2"]
[BlackElo "2464"]
[BlackTitle "IM"]
[BlackCountry "GRE"]
[BlackFideId "4200438"]
[BlackEloChange "1"]

1. c4 {[%clk 1:30:51]} c5 {[%clk 1:30:39]} 2. g3 {[%clk 1:30:57]} Nc6 {[%clk
1:30:19]} 3. Bg2 {[%clk 1:31:06]} g6 {[%clk 1:30:36]} 4. Nc3 {[%clk 1:30:47]} Bg7
{[%clk 1:30:56]} 5. e3 {[%clk 1:25:02]} e5 {[%clk 1:29:00]} 6. a3 {[%clk
1:23:56]} a5 {[%clk 1:29:16]} 7. Nge2 {[%clk 1:24:02]} Nge7 {[%clk 1:29:29]} 8.
O-O {[%clk 1:23:38]} O-O {[%clk 1:29:38]} 9. Nb5 {[%clk 1:21:08]} d6 {[%clk
1:26:52]} 10. d4 {[%clk 1:20:10]} exd4 {[%clk 1:24:11]} 11. exd4 {[%clk 1:20:31]}
Bg4 {[%clk 1:21:29]} 12. dxc5 {[%clk 1:16:27]} dxc5 {[%clk 1:18:18]} 13. Qxd8
{[%clk 1:01:08]} Raxd8 {[%clk 1:16:21]} 14. Nf4 {[%clk 0:57:11]} Ne5 {[%clk
1:11:11]} 15. Be3 {[%clk 0:41:02]} b6 {[%clk 1:10:15]} 16. h3 {[%clk 0:36:23]}
Bd7 {[%clk 1:08:39]} 17. Nd6 {[%clk 0:23:32]} Ba4 {[%clk 1:06:33]} 18. Nb7 {[%clk
0:20:09]} Rd7 {[%clk 1:02:53]} 19. Bxc5 {[%clk 0:18:15]} Rxb7 {[%clk 1:02:13]}
20. Bxb7 {[%clk 0:18:38]} bxc5 {[%clk 1:02:37]} 21. Nd5 {[%clk 0:08:00]} Nxd5
{[%clk 0:58:34]} 22. Bxd5 {[%clk 0:08:24]} Nd3 {[%clk 0:58:05]} 23. f4 {[%clk
0:03:28]} Bxb2 {[%clk 0:57:03]} 24. Rab1 {[%clk 0:02:35]} Rb8 {[%clk 0:56:13]}
25. f5 {[%clk 0:03:02]} gxf5 {[%clk 0:53:43]} 26. Kg2 {[%clk 0:03:06]} Bc2 {[%clk
0:53:52]} 0-1